Análisis integral de las farmacias de la C.C.S.S. con recomendaciones para mejorar su funcionamiento
Bewaard in:
| Hoofdauteur: | |
|---|---|
| Andere auteurs: | , |
| Formaat: | Boek |
| Gepubliceerd in: |
[San José , Costa Rica]
1985
|
| Onderwerpen: | |
| Tags: |
Voeg label toe
Geen labels, Wees de eerste die dit record labelt!
|
MARC
| LEADER | 00000nam a2200000Ia 4500 | ||
|---|---|---|---|
| 003 | 007168 | ||
| 005 | 20221231144405.0 | ||
| 008 | 140114s1985 cr a m 000 ||s d | ||
| 040 | |c cru CEDI | ||
| 090 | |a TFG 1657 | ||
| 100 | |a Baltodano Araya, Manuel Alberto |9 11705 | ||
| 245 | |a Análisis integral de las farmacias de la C.C.S.S. con recomendaciones para mejorar su funcionamiento | ||
| 260 | |c 1985 |a [San José , Costa Rica] | ||
| 300 | |a xviii, 425 hojas | ||
| 500 | |a Proyecto de graduación (bachillerato en ingeniería eléctrica)--Universidad de Costa Rica. Facultad de Ingeniería. Escuela de Ingeniería Eléctrica | ||
| 650 | |x CAJA COSTARRICENSE DE SEGURO SOCIAL (SAN JOSE) |x FARMACIAS DE HOSPITAL |x ADMINISTRACION |9 14642 | ||
| 700 | |9 11737 |a Retana Palma, Marco Antonio | ||
| 700 | |9 11730 |a Víquez Fuentes, Marco Vinico | ||
| 942 | |c TFG | ||
| 999 | |c 21164 |d 21164 | ||
